ARRUPE JESUIT UNIVERSITY

CORONAVIRUS -STOP THE SPREAD - CLEAN,DISINFECT,COVER

Elements of linear algebra (Record no. 131089)

MARC details
000 -LEADER
fixed length control field 00734cam a2200241 4500
001 - CONTROL NUMBER
control field 3127821
003 - CONTROL NUMBER IDENTIFIER
control field ARRUPE
005 - DATE AND TIME OF LATEST TRANSACTION
control field 20211102120140.0
008 - FIXED-LENGTH DATA ELEMENTS--GENERAL INFORMATION
fixed length control field 720413s1972 caua 001 0 eng
010 ## - LIBRARY OF CONGRESS CONTROL NUMBER
LC control number 70165416
020 ## - INTERNATIONAL STANDARD BOOK NUMBER
International Standard Book Number 0716704455
040 ## - CATALOGING SOURCE
Original cataloging agency DLC
Transcribing agency DLC
Modifying agency DLC
050 00 - LIBRARY OF CONGRESS CALL NUMBER
Classification number QA251
Item number .F53
082 00 - DEWEY DECIMAL CLASSIFICATION NUMBER
Classification number 512/.5
300 ## - PHYSICAL DESCRIPTION
Other physical details illus.
Dimensions 24 cm.
100 1# - MAIN ENTRY--PERSONAL NAME
Personal name Finkbeiner, Daniel T.
Fuller form of name (Daniel Talbot),
Dates associated with a name 1919-
9 (RLIN) 50932
245 10 - TITLE STATEMENT
Title Elements of linear algebra
Statement of responsibility, etc [by] Daniel T. Finkbeiner II.
260 ## - PUBLICATION, DISTRIBUTION, ETC. (IMPRINT)
Place of publication, distribution, etc San Francisco,
Name of publisher, distributor, etc W. H. Freeman
Date of publication, distribution, etc [1972]
300 ## - PHYSICAL DESCRIPTION
Extent xi, 268 p.
490 0# - SERIES STATEMENT
Series statement A Series of books in mathematics
650 #0 - SUBJECT ADDED ENTRY--TOPICAL TERM
Topical term or geographic name as entry element Algebras, Linear.
9 (RLIN) 50933
906 ## - LOCAL DATA ELEMENT F, LDF (RLIN)
a 7
b cbc
c orignew
d 2
e ncip
f 19
g y-gencatlg
942 ## - ADDED ENTRY ELEMENTS (KOHA)
Source of classification or shelving scheme Library of Congress Classification
Koha item type Monograph ( Printed materials)
Holdings
Withdrawn status Lost status Source of classification or shelving scheme Damaged status Not for loan Collection code Home library Current library Shelving location Date acquired Total Checkouts Full call number Barcode Date last seen Price effective from Koha item type
    Library of Congress Classification     Main Collection ARRUPE LIBRARY ARRUPE LIBRARY Main Collection 02/11/2021   QA251 .F53 46600007080 02/11/2021 02/11/2021 Monograph ( Printed materials)

 

Arrupe Library. PO Box MP320 Mt Pleasant, Harare, Zimbabwe
263 242 745411|librarian@aju.ac.zw